Fundamental Research in Ultra High Dilution and Homoeopathy /

This is the first interdisciplinary work to address the fundamental scientific problems in ultra-high dilution and homoeopathy. A brief introduction into the scientific history of homoeopathy familiarises the reader with the concept of homoeopathy as well as the scientific problems in characterising...

Full description

Bibliographic Details
Main Author: Schulte, Jürgen
Corporate Author: SpringerLink (Online service)
Other Authors: Endler, P. Christian
Format: eBook
Language:English
Published: Dordrecht : Springer Netherlands, 1998.
Subjects:
Online Access:Connect to the full text of this electronic book

MARC

Tag First Indicator Second Indicator Subfields
LEADER 00000cam a2200000Mi 4500
001 in00003559080
006 m o d
007 cr mnu---uuaaa
008 121227s1998 ne o 000 0 eng
005 20260422211948.4
020 |a 9789401158787 (electronic bk.) 
020 |a 9401158789 (electronic bk.) 
020 |z 9789401064842 
020 |z 9401064849 
020 |z 9401158789 
035 |a (OCoLC)851370464 
040 |a AU@  |b eng  |c AU@  |d OCLCQ  |d GW5XE  |d OCLCF  |d UtOrBLW 
049 |a TXAM 
050 4 |a R1 
072 7 |a MB  |2 bicssc 
072 7 |a MED000000  |2 bisacsh 
082 0 4 |a 610  |2 23 
100 1 |a Schulte, Jürgen. 
245 1 0 |a Fundamental Research in Ultra High Dilution and Homoeopathy /  |c edited by Jurgen Schulte, P. Christian Endler. 
264 1 |a Dordrecht :  |b Springer Netherlands,  |c 1998. 
300 |a 1 online resource (xiv, 261 pages) 
336 |a text  |b txt  |2 rdacontent 
337 |a computer  |b c  |2 rdamedia 
338 |a online resource  |b cr  |2 rdacarrier 
520 |a This is the first interdisciplinary work to address the fundamental scientific problems in ultra-high dilution and homoeopathy. A brief introduction into the scientific history of homoeopathy familiarises the reader with the concept of homoeopathy as well as the scientific problems in characterising the efficacy of homoeopathy and phenomena observed in ultra-high dilutions. A large part of the book covers the fundamental theoretical medicine and physics of homoeopathy. Based on the solid ground of modern physics, the reader will learn about the energetics, entropic and electrodynamics of ultra-high dilutions from the perspective of leading physicists and biologists who bring the findings of basic science into the field of ultra-high dilutions and homoeopathy. The theoretical medicine and physics set the basis for a critical evaluation of the fundamental experiments presented, which employ botanical and zoological bio-assays and immunology as well as reaction cybernetics. The book also includes a critical review of clinical trials as well as a presentation of the research strategy into homoeopathy as recommended by the European Commission for Homoeopathy. This book is a rich source of references and concepts and should command wide interdisciplinary attention. Graduate students in medical and health sciences will find the book interesting and it will be appreciated by researchers in physical and medical sciences as well as practitioners in homoeopathy. 
500 |a Electronic resource. 
650 0 |a Medicine. 
650 0 |a Toxicology. 
650 0 |a Physical organic chemistry. 
650 0 |a Biochemistry. 
650 7 |a Biochemistry.  |2 fast  |0 (OCoLC)fst00831961 
650 7 |a Medicine.  |2 fast  |0 (OCoLC)fst01014893 
650 7 |a Physical organic chemistry.  |2 fast  |0 (OCoLC)fst01715687 
650 7 |a Toxicology.  |2 fast  |0 (OCoLC)fst01153364 
655 7 |a Electronic books.  |2 local 
700 1 |a Endler, P. Christian. 
710 2 |a SpringerLink (Online service) 
776 1 8 |i Print version:  |z 9789401064842 
856 4 0 |u http://proxy.library.tamu.edu/login?url=https://link.springer.com/10.1007/978-94-011-5878-7  |z Connect to the full text of this electronic book  |t 0 
994 |a 92  |b TXA 
999 |a MARS 
999 f f |s 2e02bbde-ffa7-3bdd-878a-8b8e40433e63  |i c2a0ace7-0770-361d-9f1b-a3eb9dcbc181  |t 0 
952 f f |a Texas A&M University  |b College Station  |c Electronic Resources  |s www_evans  |d Available Online  |t 0  |e R1  |h Library of Congress classification 
998 f f |a R1  |t 0  |l Available Online